00695nam a2200217Ia 4500003000900000008004100009020001800050040001600068080002200084245005500106260004200161300001500203650004100218650001900259650002200278700002700300700003000327942000700357999001500364952009800379IN-BaIIA211028s9999 xx 000 0 eng d a90-277-0796-0 cIIA Library a082.2:52bIAU-S75 0aStar formationcedited by T. de Jong and A. Maeder aDordrechtbD. Reidel Publishingc1977 axiv, 296p. aAstronomy and Astrophysics Thesaurus aStar formation aStellar evolution aJong, De T., ed.99918 aMaeder, Andre., ed.99919 cBK c5726d5726 00104070aBANbBANcGENd1978-03-16l0o082.2:52/ IAU-S75p6402r2021-11-05w1978-03-16yBK